000
00298nam a2200133Ia 4500
100
_a
Fraleigh/ J.B.
942
_c
BK
654
_a
Abstract Algebra
245
_a
First Course in Abstract Algebra
260
_b
Narosa book
_a
New Delhi
_c
1993
082
_a
512.02
546
_a
ENGLISH
999
_c
32481
_d
32481